Jazernické noviny

Podrobná bibliografia
Ďalší autori: Benčatová-Richterová, Lucia (Šéfredaktor, zodpovedný redaktor)
Médium: Časopis
Jazyk:slovenčina
Fyzický popis:zv. 21 cm
Vydavateľské údaje: Jazernica Občianske združenie Jazernica 2007-2012
ISSN:1339-0759
Predmet:

MARC

LEADER 00000cas a2200000 a 4500
001 vtls009184236
003 SK-MaSNL
005 20260228161124.0
008 080214d20072012xo r p 0 b0slo
022 |a 1339-0759 
040 |a SNK  |b slo  |c SNK  |e AACR2 
041 0 |a slo 
043 |a e-xo--- 
044 |a xo  |c SK 
072 7 |a 352/354  |x Stupne miestnej, oblastnej a ústrednej správy  |2 konspekt 
072 7 |a 394  |x Verejný a spoločenský život. Každodenný život  |2 konspekt 
072 7 |a 316.7  |x Sociológia kultúry. Kultúrny život  |2 konspekt 
080 |a 352  |2 2011 
080 |a 394  |2 2011 
080 |a 316.728  |2 2011 
080 |a 050  |2 2011 
080 |a (437.641)  |2 2011 
080 |a (051)+(054)  |2 2011 
210 0 |a Jazernické nov. 
222 0 |a Jazernické noviny 
245 0 0 |a Jazernické noviny 
260 |a Jazernica  |b Občianske združenie Jazernica  |c 2007-2012 
300 |a zv.  |c 21 cm 
310 |a Nepravidelne 
362 0 |a Roč. I, č. 0 (2007)- 
500 |a Šéfredaktorka: 0/2007-2/2012, Lucia Benčatová-Richterová 
500 |a Reg. číslo: RP 308/2007 
500 |a Podnázov od č. 2/2007-1/2009: obecný dvojmesačník ; 2/2009-1/2012: obecné periodikum ; 2/2012: obecný občasník 
500 |a Reg. číslo: EV 2405/08 
500 |a Podnázov v tiráži: obecné noviny 
650 0 7 |a miestna správa  |2 SNKPH  |9 29496 
650 0 7 |a spoločenský život  |2 SNKPH  |9 28654 
651 7 |a Jazernica (Slovensko)  |2 SNKPH  |9 27571 
655 7 |a miestne periodiká  |2 SNKPH  |9 160938 
700 1 |a Benčatová-Richterová, Lucia  |4 pbd  |9 268025 
910 |a snk 
999 |c 4398  |d 6328 
952 |0 0  |1 0  |4 0  |7 0  |8 0  |a SNK  |b SNK  |d 2019-10-21  |i snk2019/26818  |l 0  |o snkČSC 4038/1/2007  |p 17A1384049  |r 2026-02-21 22:00:05  |t č. 0-3  |w 2026-02-21  |y PREZ 
952 |0 0  |1 0  |4 0  |7 0  |8 0  |a SNK  |b SNK  |d 2019-10-21  |i snk2019/26829  |l 0  |o snkČSC 4038/2/2008  |p 17A1384050  |r 2026-02-21 22:00:11  |t č. 1-5  |w 2026-02-21  |y PREZ 
952 |0 0  |1 0  |4 0  |7 0  |8 0  |a SNK  |b SNK  |d 2019-10-21  |i snk2019/26837  |l 0  |o snkČSC 4038/3/2009  |p 17A1384051  |r 2026-02-21 22:00:11  |t č. 1-2  |w 2026-02-21  |y PREZ 
952 |0 0  |1 0  |4 0  |7 0  |8 0  |a SNK  |b SNK  |d 2019-10-22  |i snk2019/26865  |l 0  |o snkČSC 4038/4/2010  |p 17A1384052  |r 2026-02-21 22:00:28  |t č. 1-5  |w 2026-02-21  |y PREZ 
952 |0 0  |1 0  |4 0  |7 0  |8 0  |a SNK  |b SNK  |d 2019-10-22  |i snk2019/26866  |l 0  |o snkČSC 4038/5/2011  |p 17A1384053  |r 2026-02-21 22:00:28  |t č. 1-3  |w 2026-02-21  |y PREZ 
952 |0 0  |1 0  |4 0  |7 0  |8 0  |a SNK  |b SNK  |d 2019-10-22  |i snk2019/26867  |l 0  |o snkČSC 4038/6/2012  |p 17A1384054  |r 2026-02-21 22:00:28  |t č. 1-2  |w 2026-02-21  |y PREZ